[Event "Arad op-A 14th"]
[Site "Arad"]
[Date "2021.08.04"]
[Round "7"]
[White "Botea, David Alexandru"]
[Black "Bargan, Sergei"]
[Result "0-1"]
[WhiteElo "2021"]
[BlackElo "2250"]
[PlyCount "136"]
[EventDate "2021.07.30"]
[EventType "swiss"]
[EventRounds "9"]
[EventCountry "ROU"]
[SourceTitle "CBM 203 Extra"]
[Source "ChessBase"]
[SourceDate "2021.09.30"]
[SourceVersion "1"]
[SourceVersionDate "2021.09.30"]
[SourceQuality "1"]

1. e4 c6 2. Nc3 d5 3. Nf3 Bg4 4. h3 Bxf3 5. Qxf3 e6 6. Be2 Nf6 7. 0-0 Bb4 8. exd5 cxd5 9. d4 Nc6 10. Rd1 Qa5 11. Nb1 Bd6 12. Bf4 Bxf4 13. Qxf4 Qb6 14. b3 0-0 15. c3 Rac8 16. Nd2 Qa5 17. Rdc1 Qa3 18. Bd3 a6 19. Nf3 b5 20. g4 Rfd8 21. b4 h6 22. h4 Nxb4 23. cxb4 Qxd3 24. Re1 Nd7 25. h5 Rc6 26. Rad1 Qh7 27. Re3 f6 28. Rde1 Nf8 29. Nh4 Qc2 30. R3e2 Qd3 31. Re3 Qd2 32. Ng6 Rc1 33. Rxc1 Qxc1+ 34. Kg2 Nxg6 35. hxg6 Qc2 36. Rxe6 Qxg6 37. Qf5 Qxf5 38. gxf5 Rc8 39. Rxa6 Rc4 40. a3 Rxd4 41. Rb6 Rd3 42. Rxb5 Rxa3 43. Rxd5 Rb3 44. Rb5 Kh7 45. f3 h5 46. Kg3 Kh6 47. Rb7 Rb1 48. Kh4 Rh1+ 49. Kg3 Rg1+ 50. Kh3 Rd1 51. Rb5 Rd7 52. Kg3 Rd4 53. Rb7 h4+ 54. Kg2 Rd5 55. Kh3 Rxf5 56. Kxh4 Rxf3 57. Kg4 Rb3 58. b5 Kg6 59. Rb8 Rb4+ 60. Kf3 Kf5 61. b6 Rb3+ 62. Kg2 Kf4 63. b7 Rb2+ 64. Kg1 Kf3 65. Rc8 Rb1+ 66. Kh2 Rxb7 67. Rc3+ Kf4 68. Rc4+ Kg5 0-1

[Event "Satu Mare Foisor rapid 3rd"]
[Site "Satu Mare"]
[Date "2020.01.18"]
[Round "8"]
[White "Moradiabadi, Elshan"]
[Black "Bargan, Sergei"]
[Result "1-0"]
[WhiteElo "2541"]
[BlackElo "2258"]
[PlyCount "63"]
[EventDate "2020.01.18"]
[EventType "swiss (rapid)"]
[EventRounds "10"]
[EventCountry "ROU"]
[SourceTitle "CBM 194 Extra"]
[Source "ChessBase"]
[SourceDate "2020.03.31"]
[SourceVersion "1"]
[SourceVersionDate "2020.03.31"]
[SourceQuality "1"]

1. c4 Nf6 2. Nc3 g6 3. e4 d6 4. d4 Bg7 5. Nf3 0-0 6. h3 c5 7. d5 e6 8. Bd3 exd5 9. exd5 a6 10. 0-0 b5 11. cxb5 axb5 12. Bxb5 Ba6 13. Bf4 Qb6 14. a4 Nbd7 15. Qd3 Rfd8 16. Rfe1 h6 17. Nd2 Nh5 18. Bh2 Ne5 19. Bxe5 dxe5 20. Nc4 Bxb5 21. axb5 Qb7 22. Rxa8 Qxa8 23. g3 Re8 24. d6 Qd8 25. b6 Qd7 26. Kh2 f5 27. Qd5+ Kh7 28. Nxe5 Bxe5 29. Rxe5 Nf6 30. Qxc5 Rc8 31. Qd4 Ng8 32. Rc5 1-0

[Event "Tasnad op"]
[Site "Tasnad"]
[Date "2018.09.14"]
[Round "5"]
[White "Banzea, Alexandru Bogdan"]
[Black "Bargan, Sergei"]
[Result "1-0"]
[WhiteElo "2308"]
[BlackElo "2303"]
[PlyCount "94"]
[EventDate "2018.09.11"]
[EventType "swiss"]
[EventRounds "9"]
[EventCountry "ROU"]
[SourceTitle "CBM 186 Extra"]
[Source "ChessBase"]
[SourceDate "2018.08.24"]
[SourceVersion "1"]
[SourceVersionDate "2018.08.24"]
[SourceQuality "1"]

1. e4 c5 2. Nf3 Nc6 3. Bb5 d6 4. 0-0 Bd7 5. Re1 Nf6 6. c3 a6 7. Bf1 Bg4 8. h3 Bh5 9. g4 Bg6 10. d4 cxd4 11. cxd4 d5 12. exd5 Nxd5 13. Nc3 e6 14. Bg5 Be7 15. Bxe7 Ncxe7 16. Ne5 0-0 17. Qd2 Rc8 18. Rac1 Qd6 19. Bg2 Rfd8 20. a3 b5 21. Nxd5 Nxd5 22. Rxc8 Rxc8 23. Rc1 Rxc1+ 24. Qxc1 Nc7 25. Qc5 Qxc5 26. dxc5 a5 27. Nc6 a4 28. Bf1 Na6 29. Ne7+ Kf8 30. Nxg6+ hxg6 31. Bxb5 Nxc5 32. Kf1 e5 33. Ke2 f5 34. f3 Kf7 35. g5 f4 36. Bc4+ Ke7 37. h4 Ne6 38. Bd3 Nd4+ 39. Kf2 Kf7 40. Be4 Ne6 41. Bc2 Nc5 42. Ke2 e4 43. fxe4 Ke6 44. e5 Kxe5 45. Bxg6 Ne4 46. Bxe4 Kxe4 47. h5 Ke5 1-0

[Event "Arad op 9th"]
[Site "Arad"]
[Date "2016.08.10"]
[Round "7"]
[White "Bargan, Sergei"]
[Black "Dogan, Mire Deniz"]
[Result "1/2-1/2"]
[WhiteElo "2298"]
[BlackElo "2077"]
[PlyCount "130"]
[EventDate "2016.08.06"]
[EventType "swiss"]
[EventRounds "9"]
[EventCountry "ROU"]
[SourceTitle "CBM 173 Extra"]
[Source "ChessBase"]
[SourceDate "2016.08.29"]
[SourceVersion "1"]
[SourceVersionDate "2016.08.29"]
[SourceQuality "1"]

1. g3 Nf6 2. Bg2 c5 3. Nf3 Nc6 4. 0-0 g6 5. d3 Bg7 6. e4 0-0 7. c3 e6 8. Re1 d5 9. Qe2 e5 10. Bg5 d4 11. Nbd2 h6 12. Bxf6 Qxf6 13. cxd4 cxd4 14. Rec1 b6 15. a3 a5 16. Nc4 Rb8 17. Rc2 b5 18. Ncd2 Ba6 19. Rac1 Rfc8 20. Bh3 Rc7 21. Nxe5 Nxe5 22. Rxc7 b4 23. Nc4 Bxc4 24. dxc4 bxa3 25. bxa3 d3 26. Qe3 Qd6 27. Rc8+ Rxc8 28. Bxc8 d2 29. Rd1 Nxc4 30. Qe2 Qc6 31. Bb7 Qxb7 32. Qxc4 Qb2 33. Qc8+ Kh7 34. Qd7 Bc3 35. Qxf7+ Kh8 36. Qxg6 Qxa3 37. e5 Qb3 38. Qxh6+ Kg8 39. Qg5+ Kf7 40. Qh5+ Ke6 41. f4 a4 42. Kg2 a3 43. Qg6+ Ke7 44. Qd6+ Ke8 45. Qg6+ Ke7 46. Qh7+ Ke8 47. Qh5+ Ke7 48. Qh7+ Ke8 49. Qh8+ Ke7 50. Qf6+ Ke8 51. Qc6+ Ke7 52. f5 Qxd1 53. Qc5+ Kf7 54. Qc7+ Kg8 55. Qd8+ Kh7 56. Qh4+ Kg8 57. Qg5+ Kh8 58. Qh6+ Kg8 59. Qg6+ Kh8 60. Qh6+ Kg8 61. Qg6+ Kh8 62. Qe8+ Kh7 63. Qf7+ Kh8 64. Qf8+ Kh7 65. Qe7+ Kh8 1/2-1/2

[Event "Arad op 9th"]
[Site "Arad"]
[Date "2016.08.10"]
[Round "6"]
[White "Georgescu, Tiberiu Marian"]
[Black "Bargan, Sergei"]
[Result "1-0"]
[WhiteElo "2463"]
[BlackElo "2298"]
[PlyCount "69"]
[EventDate "2016.08.06"]
[EventType "swiss"]
[EventRounds "9"]
[EventCountry "ROU"]
[SourceTitle "CBM 173 Extra"]
[Source "ChessBase"]
[SourceDate "2016.08.29"]
[SourceVersion "1"]
[SourceVersionDate "2016.08.29"]
[SourceQuality "1"]

1. d4 Nf6 2. c4 g6 3. f3 Bg7 4. e4 d6 5. Nc3 0-0 6. Be3 c5 7. Nge2 Nc6 8. d5 Ne5 9. Ng3 a6 10. a4 Qa5 11. Ra3 e6 12. Be2 h5 13. 0-0 exd5 14. cxd5 Nfd7 15. f4 Ng4 16. Bxg4 hxg4 17. e5 Nb6 18. Qe2 f5 19. exf6 Bxf6 20. f5 Bxc3 21. Rxc3 Bxf5 22. Nxf5 Rxf5 23. Rxf5 gxf5 24. Bd2 Qxa4 25. Qe6+ Kh8 26. Qh6+ Kg8 27. Qg6+ Kf8 28. Qxd6+ Kf7 29. Qe6+ Kg7 30. Qe7+ Kg8 31. Qg5+ Kh7 32. Qh6+ Kg8 33. Qg6+ Kf8 34. Bh6+ Ke7 35. Re3+ 1-0

[Event "Arad op 9th"]
[Site "Arad"]
[Date "2016.08.07"]
[Round "2"]
[White "Mozes, Ervin"]
[Black "Bargan, Sergei"]
[Result "0-1"]
[WhiteElo "2169"]
[BlackElo "2298"]
[PlyCount "94"]
[EventDate "2016.08.06"]
[EventType "swiss"]
[EventRounds "9"]
[EventCountry "ROU"]
[SourceTitle "CBM 173 Extra"]
[Source "ChessBase"]
[SourceDate "2016.08.29"]
[SourceVersion "1"]
[SourceVersionDate "2016.08.29"]
[SourceQuality "1"]

1. g3 Nf6 2. Bg2 d5 3. Nf3 c6 4. b3 Bg4 5. Bb2 Nbd7 6. d3 Qc7 7. Qd2 e6 8. c4 a5 9. 0-0 Bd6 10. cxd5 exd5 11. Qe3+ Kf8 12. d4 Re8 13. Qd3 g6 14. e3 Kg7 15. Nbd2 Bf5 16. Qe2 Re7 17. Rfc1 h5 18. Nh4 Be6 19. Qd3 Rd8 20. a4 Nb8 21. e4 Bb4 22. e5 Ng4 23. Ndf3 Nd7 24. Rc2 Nf8 25. Bc1 Ree8 26. Bg5 Be7 27. Qd2 Ra8 28. Bf4 Nh7 29. h3 Qd8 30. Nxg6 fxg6 31. hxg4 hxg4 32. Ne1 Ng5 33. Qe2 Rh8 34. Bxg5 Bxg5 35. Rc3 Qg8 36. f4 gxf3 37. Nxf3 Be7 38. Kf2 Rf8 39. Rh1 Rxh1 40. Bxh1 g5 41. Kg1 Qh7 42. Bg2 g4 43. Nh2 Qb1+ 44. Bf1 Bg5 45. Rd3 Bf5 46. Rc3 Be6 47. Qd3 Qe1 0-1

[Event "Albena op-A"]
[Site "Albena"]
[Date "2016.06.24"]
[Round "7"]
[White "Dimitrov, Vladimir"]
[Black "Bargan, Sergei"]
[Result "1/2-1/2"]
[WhiteElo "2416"]
[BlackElo "2287"]
[PlyCount "63"]
[EventDate "2016.06.18"]
[EventType "swiss"]
[EventRounds "9"]
[EventCountry "BUL"]
[SourceTitle "CBM 173 Extra"]
[Source "ChessBase"]
[SourceDate "2016.08.29"]
[SourceVersion "1"]
[SourceVersionDate "2016.08.29"]
[SourceQuality "1"]

1. d4 Nf6 2. c4 c5 3. d5 e6 4. Nc3 exd5 5. cxd5 d6 6. e4 g6 7. f4 Bg7 8. Bb5+ Nfd7 9. Nf3 0-0 10. 0-0 a6 11. Bd3 b5 12. Kh1 Re8 13. Bc2 Nb6 14. f5 N8d7 15. Bg5 Bf6 16. Bxf6 Qxf6 17. Qc1 Ne5 18. Nxe5 Qxe5 19. Qh6 Nd7 20. Rae1 Qg7 21. Qf4 Ne5 22. f6 Qf8 23. Nd1 h5 24. Re3 Kh7 25. Rg3 Qh6 26. Rg5 Ng4 27. h4 Re5 28. Bd3 Bd7 29. Be2 Rae8 30. Bf3 b4 31. g3 a5 32. Kg2 1/2-1/2

[Event "Albena op-A"]
[Site "Albena"]
[Date "2016.06.20"]
[Round "3"]
[White "Bargan, Sergei"]
[Black "Enchev, Ivajlo"]
[Result "1/2-1/2"]
[WhiteElo "2287"]
[BlackElo "2457"]
[PlyCount "84"]
[EventDate "2016.06.18"]
[EventType "swiss"]
[EventRounds "9"]
[EventCountry "BUL"]
[SourceTitle "CBM 173 Extra"]
[Source "ChessBase"]
[SourceDate "2016.08.29"]
[SourceVersion "1"]
[SourceVersionDate "2016.08.29"]
[SourceQuality "1"]

1. Nf3 Nf6 2. g3 c5 3. Bg2 Nc6 4. 0-0 g6 5. d3 d5 6. c4 d4 7. e3 Bg7 8. exd4 cxd4 9. a3 a5 10. Re1 Nd7 11. Nbd2 0-0 12. Rb1 Nc5 13. Ne4 Na6 14. Bd2 h6 15. b4 axb4 16. axb4 f5 17. b5 fxe4 18. bxc6 exf3 19. cxb7 Bxb7 20. Rxb7 Nc5 21. Bxf3 Nxb7 22. Bxb7 Ra2 23. Be4 Rf6 24. h4 Kh8 25. Rf1 Qb6 26. Qc1 Qb2 27. Bxh6 Rxf2 28. Qxb2 Rfxb2 29. Bg5 Bf6 30. Bxf6+ exf6 31. Rxf6 Ra1+ 32. Rf1 Rxf1+ 33. Kxf1 Kg7 34. c5 Kf6 35. c6 g5 36. h5 g4 37. h6 Rh2 38. Bf5 Rc2 39. Be4 Rc3 40. Ke2 Rc2+ 41. Kd1 Rc3 42. Kd2 Rc5 1/2-1/2

[Event "Albena op-A"]
[Site "Albena"]
[Date "2016.06.19"]
[Round "2"]
[White "Vetoshko, Volodymyr"]
[Black "Bargan, Sergei"]
[Result "1/2-1/2"]
[WhiteElo "2417"]
[BlackElo "2287"]
[PlyCount "126"]
[EventDate "2016.06.18"]
[EventType "swiss"]
[EventRounds "9"]
[EventCountry "BUL"]
[SourceTitle "CBM 173 Extra"]
[Source "ChessBase"]
[SourceDate "2016.08.29"]
[SourceVersion "1"]
[SourceVersionDate "2016.08.29"]
[SourceQuality "1"]

1. e4 c6 2. d4 d5 3. e5 Bf5 4. Nd2 e6 5. Nb3 Nd7 6. Nf3 Ne7 7. Be2 Nc8 8. 0-0 Be7 9. a4 0-0 10. a5 a6 11. Be3 Na7 12. Nc5 Bxc5 13. dxc5 Bg4 14. Ng5 Bxe2 15. Qxe2 h6 16. Nh3 Qe7 17. Ra4 Nb5 18. Qh5 f5 19. exf6 Nxf6 20. Qe5 Nd7 21. Qg3 Nxc5 22. Bxc5 Qxc5 23. Rg4 Rf7 24. Qh4 Qxc2 25. Qxh6 Qf5 26. Qh4 e5 27. Rg5 Qf6 28. Qh5 Nd4 29. Rxe5 g6 30. Rg5 Rg7 31. Qd1 Re8 32. Rg4 Ne2+ 33. Kh1 Qxb2 34. Qd3 Qf6 35. g3 Qc3 36. Rd1 Qxd3 37. Rxd3 Re5 38. Kg2 g5 39. Re3 Rxe3 40. fxe3 Nc3 41. Rxg5 Ne4 42. Re5 Nd6 43. Nf4 Nc4 44. Re8+ Kh7 45. Ne6 Rg8 46. Re7+ Kg6 47. Rxb7 Re8 48. Nf4+ Kf5 49. Ra7 Nxe3+ 50. Kf3 d4 51. Rxa6 c5 52. Rc6 c4 53. a6 c3 54. a7 Ng4 55. Rc5+ Ne5+ 56. Ke2 Ke4 57. Ne6 d3+ 58. Ke1 d2+ 59. Kd1 Ra8 60. Ng5+ Kd4 61. Ne6+ Ke4 62. Ng5+ Kd4 63. Ne6+ Ke4 1/2-1/2

[Event "MDA-ch"]
[Site "Kishinev"]
[Date "2016.02.05"]
[Round "4"]
[White "Iordachescu, Viorel"]
[Black "Bargan, Sergei"]
[Result "1-0"]
[WhiteElo "2589"]
[BlackElo "2267"]
[PlyCount "73"]
[EventDate "2016.02.02"]
[EventType "tourn"]
[EventRounds "9"]
[EventCountry "MDA"]
[EventCategory "8"]
[SourceTitle "EXT 2017"]
[Source "ChessBase"]
[SourceDate "2016.10.25"]
[SourceVersion "1"]
[SourceVersionDate "2016.10.25"]
[SourceQuality "1"]

1. c4 Nf6 2. Nc3 g6 3. g3 Bg7 4. Bg2 0-0 5. Nf3 d6 6. d4 Nc6 7. 0-0 a6 8. d5 Na5 9. Nd2 c5 10. Qc2 e6 11. a3 exd5 12. cxd5 c4 13. Rb1 Nd7 14. Nde4 Nc5 15. Bg5 Qc7 16. Nf6+ Kh8 17. Qd2 Bf5 18. e4 Bc8 19. Qf4 Nd7 20. Rbd1 Nb3 21. Qh4 Nxf6 22. Bxf6 Re8 23. Rfe1 Re5 24. Bxe5 Bxe5 25. f4 Bg7 26. e5 Bf5 27. Be4 Bxe4 28. Nxe4 dxe5 29. fxe5 Bxe5 30. Ng5 f6 31. Nf3 Bxb2 32. d6 Qc5+ 33. Kg2 Rd8 34. Re7 h5 35. Qf4 g5 36. Qe4 f5 37. Qe6 1-0

[Event "MDA-ch FL op"]
[Site "Kishinev"]
[Date "2015.12.12"]
[Round "8"]
[White "Vavric, Pavel"]
[Black "Bargan, Sergei"]
[Result "1-0"]
[WhiteElo "2340"]
[BlackElo "2242"]
[PlyCount "79"]
[EventDate "2015.12.05"]
[EventType "swiss"]
[EventRounds "9"]
[EventCountry "MDA"]
[SourceTitle "EXT 2022"]
[Source "ChessBase"]
[SourceDate "2021.10.06"]
[SourceVersion "1"]
[SourceVersionDate "2021.10.06"]
[SourceQuality "1"]

1. e4 d6 2. d4 Nf6 3. Nc3 e5 4. Nf3 Nbd7 5. Bc4 Be7 6. a4 0-0 7. 0-0 c6 8. Re1 b6 9. d5 c5 10. a5 bxa5 11. Nd2 Nb6 12. Rxa5 Nxc4 13. Nxc4 Ne8 14. f4 exf4 15. Bxf4 a6 16. Ra3 Rb8 17. Ne2 Rb4 18. b3 f5 19. Bd2 Rb5 20. Ba5 Qd7 21. e5 dxe5 22. Nxe5 Qd6 23. Nc4 Qh6 24. Bd2 g5 25. Nf4 Rf7 26. Ne6 f4 27. Ne5 Rf5 28. Nc6 Bd6 29. Nxg5 Rxg5 30. Rxe8+ Kf7 31. Rxc8 Qh3 32. Qf1 Qxc8 33. Na7 Qf5 34. Nxb5 axb5 35. Ra7+ Kg6 36. c4 bxc4 37. bxc4 Qf6 38. Qd3+ Rf5 39. Ra6 Qe7 40. g4 1-0

[Event "MDA-ch FL op"]
[Site "Kishinev"]
[Date "2015.12.07"]
[Round "3"]
[White "Morozov, Nichita"]
[Black "Bargan, Sergei"]
[Result "1-0"]
[WhiteElo "2309"]
[BlackElo "2242"]
[PlyCount "79"]
[EventDate "2015.12.05"]
[EventType "swiss"]
[EventRounds "9"]
[EventCountry "MDA"]
[SourceTitle "EXT 2022"]
[Source "ChessBase"]
[SourceDate "2021.10.06"]
[SourceVersion "1"]
[SourceVersionDate "2021.10.06"]
[SourceQuality "1"]

1. d4 Nf6 2. c4 c5 3. d5 e6 4. Nc3 exd5 5. cxd5 d6 6. e4 g6 7. Nge2 Bg7 8. Ng3 0-0 9. Be2 a6 10. 0-0 b5 11. a3 Nbd7 12. Be3 Re8 13. f3 Ne5 14. b4 Nfd7 15. Rc1 cxb4 16. axb4 Nb6 17. f4 Nec4 18. Bd4 Nb2 19. Qd2 N6c4 20. Bxc4 Nxc4 21. Qf2 Bd7 22. Nge2 a5 23. bxa5 Rxa5 24. Bxg7 Kxg7 25. Nd4 Qf6 26. Nc6 Ra6 27. Rfe1 Rea8 28. Nxb5 Bxc6 29. dxc6 Rxc6 30. Nc3 Kf8 31. Nd5 Qg7 32. Qh4 Qd4+ 33. Kh1 Kg7 34. f5 f6 35. fxg6 hxg6 36. Qg4 f5 37. Qg5 Ne5 38. Qf6+ Kh7 39. Rb1 Qa7 40. Rb3 1-0

[Event "Iasi op"]
[Site "Iasi"]
[Date "2014.05.14"]
[Round "5"]
[White "Pavlidis, Antonios"]
[Black "Bargan, Sergei"]
[Result "0-1"]
[WhiteElo "2474"]
[BlackElo "2235"]
[PlyCount "76"]
[EventDate "2014.05.10"]
[EventType "swiss"]
[EventRounds "9"]
[EventCountry "ROU"]
[SourceTitle "CBM 160 Extra"]
[Source "ChessBase"]
[SourceDate "2014.07.01"]
[SourceVersion "1"]
[SourceVersionDate "2014.07.01"]
[SourceQuality "1"]

1. e4 d6 2. d4 Nf6 3. Nc3 e5 4. Nf3 Nbd7 5. Bc4 Be7 6. 0-0 0-0 7. a4 c6 8. Re1 a5 9. Ba2 Qc7 10. h3 exd4 11. Nxd4 Nc5 12. Qf3 Be6 13. Be3 Nfd7 14. Qg3 Bf6 15. Nd5 cxd5 16. exd5 Be5 17. Qf3 Bxh3 18. Qxh3 Nxa4 19. Ne6 fxe6 20. dxe6 Nxb2 21. e7+ Kh8 22. exf8Q+ Nxf8 23. Qf3 Ng6 24. Qe4 Rf8 25. g3 Bc3 26. Rf1 Ne5 27. Kg2 Nbc4 28. Rh1 Nxe3+ 29. fxe3 g6 30. Raf1 Rxf1 31. Rxf1 Kg7 32. Qh4 h5 33. Qf6+ Kh7 34. Qe6 Qd8 35. Bd5 Kh6 36. Be4 Qg5 37. Qxd6 Nc4 38. Qd7 Be5 0-1

[Event "Iasi op"]
[Site "Iasi"]
[Date "2014.05.11"]
[Round "2"]
[White "Bargan, Sergei"]
[Black "Iordachescu, Viorel"]
[Result "1/2-1/2"]
[WhiteElo "2235"]
[BlackElo "2594"]
[PlyCount "78"]
[EventDate "2014.05.10"]
[EventType "swiss"]
[EventRounds "9"]
[EventCountry "ROU"]
[SourceTitle "CBM 160 Extra"]
[Source "ChessBase"]
[SourceDate "2014.07.01"]
[SourceVersion "1"]
[SourceVersionDate "2014.07.01"]
[SourceQuality "1"]

1. d4 Nf6 2. Nf3 e6 3. c4 Bb4+ 4. Bd2 a5 5. Nc3 d5 6. e3 0-0 7. Qc2 b6 8. cxd5 exd5 9. Bd3 Bb7 10. 0-0 Nbd7 11. a3 Bxc3 12. bxc3 c5 13. Rab1 Rc8 14. Ne5 Nxe5 15. dxe5 Ne4 16. Bxe4 dxe4 17. c4 Qc7 18. Bc3 Rfd8 19. Rfd1 h6 20. h3 Rxd1+ 21. Rxd1 Rd8 22. Rd2 Kf8 23. Qd1 Rxd2 24. Qxd2 Ke8 25. Qd1 Qd7 26. Qb1 Qc6 27. e6 f6 28. f4 Qxe6 29. Bxa5 bxa5 30. Qxb7 Qxc4 31. Qc8+ Ke7 32. Qc7+ Kf8 33. Qc8+ Kf7 34. Qd7+ Kg6 35. Qg4+ Kh7 36. Qf5+ Kh8 37. Qc8+ Kh7 38. Qf5+ Kg8 39. Qc8+ Kh7 1/2-1/2

[Event "Chebanenco Memorial"]
[Site "Kishinev"]
[Date "2014.02.27"]
[Round "5"]
[White "Morozov, Nichita"]
[Black "Bargan, Sergei"]
[Result "1-0"]
[WhiteElo "2147"]
[BlackElo "2257"]
[PlyCount "97"]
[EventDate "2014.02.24"]
[EventType "tourn"]
[EventRounds "9"]
[EventCountry "MDA"]
[SourceTitle "CBM 159 Extra"]
[Source "ChessBase"]
[SourceDate "2014.04.24"]
[SourceVersion "1"]
[SourceVersionDate "2014.04.24"]
[SourceQuality "1"]

1. d4 d6 2. Nf3 Bg4 3. g3 Bxf3 4. exf3 d5 5. Bg2 e6 6. 0-0 Ne7 7. c4 c6 8. Nc3 Nd7 9. b3 g6 10. Bg5 h6 11. Bxe7 Bxe7 12. Qd2 Kf8 13. Rfe1 Kg7 14. Ne2 Bf6 15. Bh3 Re8 16. Qd3 dxc4 17. bxc4 c5 18. Rad1 cxd4 19. Nxd4 Nc5 20. Qe3 Qe7 21. f4 Rad8 22. Bg2 Bxd4 23. Rxd4 b6 24. Bc6 Qf6 25. Red1 Rxd4 26. Qxd4 Qxd4 27. Rxd4 Rc8 28. Bf3 Kf6 29. Kf1 Ke7 30. Ke2 Na4 31. Kd2 Rc5 32. Kc2 Ra5 33. Bc6 Nc5 34. Kb2 f6 35. h4 e5 36. fxe5 fxe5 37. Rd5 Kf7 38. f3 g5 39. h5 g4 40. fxg4 e4 41. Rf5+ Ke7 42. Kb1 Kd6 43. g5 e3 44. Bf3 Ne4 45. Rxa5 bxa5 46. gxh6 Nd2+ 47. Kc2 Nxf3 48. Kd3 Ne5+ 49. Ke2 1-0

[Event "Chebanenco Memorial"]
[Site "Kishinev"]
[Date "2014.02.24"]
[Round "1"]
[White "Bargan, Sergei"]
[Black "Chircu, Vadim"]
[Result "0-1"]
[WhiteElo "2257"]
[BlackElo "2207"]
[PlyCount "124"]
[EventDate "2014.02.24"]
[EventType "tourn"]
[EventRounds "9"]
[EventCountry "MDA"]
[SourceTitle "CBM 159 Extra"]
[Source "ChessBase"]
[SourceDate "2014.04.24"]
[SourceVersion "1"]
[SourceVersionDate "2014.04.24"]
[SourceQuality "1"]

1. d4 d5 2. Nf3 Nf6 3. c3 Bf5 4. Qb3 Qc8 5. Bg5 Nbd7 6. e3 h6 7. Bh4 e6 8. Nbd2 g5 9. Bg3 Nh5 10. Be2 Nxg3 11. hxg3 Bg7 12. 0-0 0-0 13. Rfe1 c5 14. Bb5 Nf6 15. Ne5 a6 16. Be2 Qc7 17. Rac1 b5 18. Qd1 Rfd8 19. g4 Bh7 20. Bd3 Bxd3 21. Nxd3 Nd7 22. Nf1 c4 23. Nb4 a5 24. Nc2 Qd6 25. Ng3 Nf6 26. Qf3 b4 27. e4 dxe4 28. Nxe4 Nxe4 29. Qxe4 bxc3 30. bxc3 Rab8 31. Rb1 Rxb1 32. Rxb1 e5 33. dxe5 Qxe5 34. Qxe5 Bxe5 35. Ne3 Bxc3 36. Nxc4 Rd4 37. Ne3 Rd2 38. Rb8+ Kh7 39. Rb7 Rxa2 40. Rxf7+ Kg8 41. Rd7 Rd2 42. Nd5 Kf8 43. Kf1 a4 44. Rd8+ Kf7 45. Rd7+ Ke6 46. Nxc3 Rxd7 47. Nxa4 Rd4 48. Nc3 Rxg4 49. g3 Rc4 50. Nd1 Rc1 51. Ke2 Ke5 52. Ne3 h5 53. Kf3 Rc3 54. Kg2 Ke4 55. Nf1 Rd3 56. Nh2 Ra3 57. Nf1 g4 58. Kg1 Ra1 59. Kg2 Re1 60. Nd2+ Kd3 61. Nb3 Re5 62. f4 Rb5 0-1